<?xml version="1.0" encoding="UTF-8"?><?xml-stylesheet type="text/xsl" href="static/style.xsl"?><OAI-PMH xmlns="http://www.openarchives.org/OAI/2.0/" xmlns:xsi="http://www.w3.org/2001/XMLSchema-instance" xsi:schemaLocation="http://www.openarchives.org/OAI/2.0/ http://www.openarchives.org/OAI/2.0/OAI-PMH.xsd"><responseDate>2026-05-17T16:25:25Z</responseDate><request verb="GetRecord" identifier="oai:recam.amb.cat:20.500.14439/4821" metadataPrefix="marc">https://recam.amb.cat/rest/oai/request</request><GetRecord><record><header><identifier>oai:recam.amb.cat:20.500.14439/4821</identifier><datestamp>2026-05-11T23:45:48Z</datestamp><setSpec>com_20.500.14439_123</setSpec><setSpec>col_20.500.14439_129</setSpec></header><metadata><record xmlns="http://www.loc.gov/MARC21/slim" xmlns:dcterms="http://purl.org/dc/terms/" xmlns:xsi="http://www.w3.org/2001/XMLSchema-instance" xmlns:doc="http://www.lyncode.com/xoai" xsi:schemaLocation="http://www.loc.gov/MARC21/slim http://www.loc.gov/standards/marcxml/schema/MARC21slim.xsd">
   <leader>00925njm 22002777a 4500</leader>
   <datafield ind2=" " ind1=" " tag="042">
      <subfield code="a">dc</subfield>
   </datafield>
   <datafield ind2=" " ind1=" " tag="720">
      <subfield code="a">Observatori Metropolità de l'Habitatge de Barcelona</subfield>
      <subfield code="e">author</subfield>
   </datafield>
   <datafield ind2=" " ind1=" " tag="260">
      <subfield code="c">2025-12-01</subfield>
   </datafield>
   <datafield ind2=" " ind1=" " tag="520">
      <subfield code="a">El laboratori ‘Estructura i concentració de la propietat d’habitatges a la ciutat de Barcelona’ és un projecte que des de l’any 2018 té per objectiu aportar informació periòdica sobre la distribució de la propietat d’habitatges al municipi de Barcelona. L’estudi analitza la relació entre els propietaris i els habitatges segons el nombre d’habitatges en propietat (propietaris d’1 habitatge, de 5 o més, de més de 10 i de més de 15) i el tipus de propietari (persones físiques, administració pública, empreses, entitats sense ànim de lucre, institucions religioses, comunitats de béns/propietaris i altres).</subfield>
   </datafield>
   <datafield ind1="8" ind2=" " tag="024">
      <subfield code="a">https://hdl.handle.net/20.500.14439/4821</subfield>
   </datafield>
   <datafield tag="653" ind2=" " ind1=" ">
      <subfield code="a">Habitatge</subfield>
   </datafield>
   <datafield ind2="0" ind1="0" tag="245">
      <subfield code="a">Estructura i concentració de la propietat d'habitatges a la ciutat de Barcelona: 2025</subfield>
   </datafield>
</record></metadata></record></GetRecord></OAI-PMH>